000
00270nam a2200109Ia 4500
005
20251222143226.0
008
251222s9999||||xx |||||||||||||| ||spa||
082
_a
869.15/P77
245
0
_a
Homenaje a Octavio Paz 1914-1998
264
_b
Fondo Editorial PUCP
942
_c
LIB
999
_c
14010
_d
14010